| 000 | 01009nam a2200301Ia 4500 | ||
|---|---|---|---|
| 003 | OSt | ||
| 005 | 20221007124631.0 | ||
| 006 | a|||||r|||| 00| 0 | ||
| 007 | ta | ||
| 008 | 221006b |||||||| |||| 00| 0 eng d | ||
| 020 | _a9788120348172 (pbk) | ||
| 024 | _a192306 | ||
| 037 |
_b3925, 02/03/2015, Educational Book Agency (India) _cTextual |
||
| 040 |
_aCDL _cCDL _beng |
||
| 041 |
_2eng _aeng |
||
| 082 | _aE:219, L4;Q4;2-;6 Carc | ||
| 100 | _aLevine Ira N | ||
| 245 | 0 | _aQuantum chemistry | |
| 250 | _a7 | ||
| 260 |
_aNew _bDelhi PHI _c2014 |
||
| 300 |
_axi, 700p. ill. _ccm. |
||
| 500 | _aAppendix 661-664p.; Bibliography 665-666p.; Answers to selected problems 667-678p.; Index 679-700p. | ||
| 650 | _a Angular momentum | ||
| 650 |
_a Perturbation theory _9715281 |
||
| 650 |
_aElectron-correlation methods _9719904 |
||
| 942 |
_hE:219, L4;Q4;2-;6 Carc _cTEXL _2CC |
||
| 999 |
_c1213841 _d1213841 |
||